00551nam a2200157Ia 450000500170000000800410001704100080005808200160006610000420008224500410012426000510016530000090021665000200022599900190024595201290026420250729165753.0250729s2013 xx 000 0 und d aeng a530.25 DIRB aDirectorate of Pre University9232599 aBiology - II P U C Examplar Problems aBangalorebDirectorate of Pre Universityc2013 a199p aBiology9232600 c239863d239863 00104070aALbALd2025-07-29eManagement Bookg71.00l0o530.25 DIRBpBED05182r2025-07-29 16:57:53v70.50w2025-07-29yBK